000 01263cam a2200337 i 4500
001 12295438
003 EG-ScBUE
005 20241001100953.0
008 010131r20011972enka f f001 0 eng d
020 _a0521664020 (pbk.)
020 _a9780521664028
040 _aDLC
_beng
_erda
_cDLC
_dDLC
_dEG-ScBUE
082 0 4 _a510
_222
_bJEF
100 1 _aJeffreys, Harold,
_d1891-1989,
_eauthor.
_939528
245 1 0 _aMethods of mathematical physics /
_cby Sir Harold Jeffreys, formerly plumian professor of astronomy, University of Cambridge, and fellow of St John's College and Bertha Swirles (Lady Jeffreys), fellow of Girton College.
250 _aThird edition.
250 _aReprinted edition.
264 1 _aCambridge ;
_aNew York :
_bCambridge University Press,
_c2001.
300 _aviii, 718 pages :
_billustrations ;
_c23 cm.
336 _2rdacontent
_atext
_btxt
337 _aunmediated
_2rdamedia
_bn
338 _avolume
_bnc
_2rdacarrier
490 0 _aCambridge mathematical library
500 _aIncludes index.
650 7 _aMathematics.
_2BUEsh
_92018
650 7 _aMathematical physics.
_2BUEsh
_96575
653 _bENGGEN
_cMarch2016
655 _vReading book
_934232
700 1 _aJeffreys, Bertha Swirles,
_eauthor.
_939528
942 _2ddc
_cBB
999 _c21381
_d21353